[Event "45th FIDE Chess Olympiad Open"]
[Site "Budapest, Hungary"]
[Date "2024.09.21"]
[Round "10"]
[White "Lopez Silva, Hugo"]
[Black "Olsen, Filip Boe"]
[Result "1/2-1/2"]
[Board "72"]
[WhiteFideId "3403874"]
[BlackFideId "1440640"]
[WhiteTitle "IM"]
[BlackTitle "IM"]
[WhiteElo "2379"]
[BlackElo "2441"]
[WhiteTeam "Chile"]
[BlackTeam "Denmark"]
[WhiteClock "0:04:21"]
[BlackClock "0:10:46"]
[Variant "Standard"]

1. e4 {[%clk 1:29:20]}  c6 {[%clk 1:30:47]} 2. d4 {[%clk 1:29:24]}  d5 {[%clk 1:31:09]} 3. exd5 {[%clk 1:29:35]}  cxd5 {[%clk 1:31:29]} 4. Bd3 {[%clk 1:28:57]}  Nc6 {[%clk 1:31:46]} 5. c3 {[%clk 1:29:24]}  Nf6 {[%clk 1:32:04]} 6. Bf4 {[%clk 1:29:35]}  Bg4 {[%clk 1:32:08]} 7. Qb3 {[%clk 1:29:33]}  Qd7 {[%clk 1:32:23]} 8. Nd2 {[%clk 1:29:44]}  e6 {[%clk 1:32:43]} 9. Ngf3 {[%clk 1:30:09]}  Bd6 {[%clk 1:32:54]} 10. Bxd6 {[%clk 1:30:24]}  Qxd6 {[%clk 1:33:22]} 11. O-O {[%clk 1:30:48]}  O-O {[%clk 1:33:34]} 12. Rae1 {[%clk 1:31:14]}  Bxf3 {[%clk 1:33:34]} 13. Nxf3 {[%clk 1:31:42]}  Qc7 {[%clk 1:33:49]} 14. Qc2 {[%clk 1:25:48]}  g6 {[%clk 1:33:56]} 15. Qd2 {[%clk 1:25:07]}  Kg7 {[%clk 1:29:29]} 16. Re3 {[%clk 1:16:47]}  a6 {[%clk 1:22:28]} 17. Rfe1 {[%clk 1:09:28]}  Rfe8 {[%clk 1:15:49]} 18. Ne5 {[%clk 0:55:22]}  Nxe5 {[%clk 0:56:22]} 19. dxe5 {[%clk 0:52:52]}  Ng8 {[%clk 0:56:28]} 20. h4 {[%clk 0:49:08]}  Red8 {[%clk 0:50:56]} 21. Rg3 {[%clk 0:38:23]}  b5 {[%clk 0:35:03]} 22. b3 {[%clk 0:24:29]}  Rac8 {[%clk 0:31:27]} 23. Bb1 {[%clk 0:21:27]}  Qe7 {[%clk 0:22:56]} 24. h5 {[%clk 0:21:24]}  a5 {[%clk 0:20:56]} 25. Qf4 {[%clk 0:13:13]}  b4 {[%clk 0:19:07]} 26. c4 {[%clk 0:13:42]}  dxc4 {[%clk 0:18:32]} 27. bxc4 {[%clk 0:14:10]}  Rc7 {[%clk 0:15:39]} 28. Bd3 {[%clk 0:04:35]}  Rcd7 {[%clk 0:15:28]} 29. Ree3 {[%clk 0:05:04]}  a4 {[%clk 0:11:02]} 30. hxg6 {[%clk 0:05:09]}  hxg6 {[%clk 0:06:49]} 31. Bxg6 {[%clk 0:04:07]}  fxg6 {[%clk 0:05:07]} 32. Rxg6+ {[%clk 0:04:35]}  Kxg6 {[%clk 0:05:22]} 33. Rg3+ {[%clk 0:05:04]}  Kh7 {[%clk 0:05:26]} 34. Rh3+ {[%clk 0:03:20]}  Kg7 {[%clk 0:05:10]} 35. Qg4+ {[%clk 0:03:31]}  Kf8 {[%clk 0:05:17]} 36. Rf3+ {[%clk 0:03:52]}  Qf7 {[%clk 0:05:39]} 37. Qxe6 {[%clk 0:03:50]}  Qxf3 {[%clk 0:04:27]} 38. gxf3 {[%clk 0:04:19]}  Rg7+ {[%clk 0:01:48]} 39. Kf1 {[%clk 0:04:29]}  Rdd7 {[%clk 0:01:07]} 40. Qc6 {[%clk 0:02:16]}  b3 {[%clk 0:00:48]} 41. Qxa4 {[%clk 0:29:45]}  bxa2 {[%clk 0:27:35]} 42. Qxa2 {[%clk 0:26:11]}  Ra7 {[%clk 0:24:19]} 43. Qb1 {[%clk 0:21:43]}  Rgb7 {[%clk 0:23:40]} 44. Qf5+ {[%clk 0:17:20]}  Kg7 {[%clk 0:19:45]} 45. f4 {[%clk 0:09:36]}  Rb2 {[%clk 0:15:21]} 46. Qg5+ {[%clk 0:07:31]}  Kf8 {[%clk 0:14:10]} 47. Qd8+ {[%clk 0:06:03]}  Kg7 {[%clk 0:14:20]} 48. f5 {[%clk 0:04:43]}  Raa2 {[%clk 0:13:59]} 49. f6+ {[%clk 0:00:53]}  Kh8 {[%clk 0:10:16]} 50. Qd4 {[%clk 0:00:44]}  Nh6 {[%clk 0:10:29]} 51. Qd8+ {[%clk 0:00:38]}  Ng8 {[%clk 0:10:54]} 52. Qd4 {[%clk 0:01:04]}  Nh6 {[%clk 0:11:22]} 53. e6 {[%clk 0:00:36]}  Rxf2+ {[%clk 0:11:44]} 54. Ke1 {[%clk 0:00:32]}  Rfe2+ {[%clk 0:11:27]} 55. Kd1 {[%clk 0:00:32]}  Nf5 {[%clk 0:08:36]} 56. f7+ {[%clk 0:00:34]}  Nxd4 {[%clk 0:09:01]} 57. f8=Q+ {[%clk 0:01:01]}  Kh7 {[%clk 0:09:21]} 58. Qf7+ {[%clk 0:01:20]}  Kh6 {[%clk 0:09:20]} 59. Qf6+ {[%clk 0:00:56]}  Kh5 {[%clk 0:09:21]} 60. Qxd4 {[%clk 0:00:42]}  Rh2 {[%clk 0:09:50]} 61. Qe5+ {[%clk 0:00:31]}  Kg4 {[%clk 0:08:16]} 62. Qe4+ {[%clk 0:00:42]}  Kg3 {[%clk 0:06:41]} 63. Qe3+ {[%clk 0:00:43]}  Kg2 {[%clk 0:06:34]} 64. Qe4+ {[%clk 0:00:43]}  Kg3 {[%clk 0:06:17]} 65. Qe3+ {[%clk 0:00:57]}  Kg4 {[%clk 0:06:40]} 66. Qe4+ {[%clk 0:01:25]}  Kg5 {[%clk 0:07:04]} 67. Qe5+ {[%clk 0:01:46]}  Kg6 {[%clk 0:07:33]} 68. Qe4+ {[%clk 0:01:53]}  Kf6 {[%clk 0:07:56]} 69. Qf4+ {[%clk 0:02:09]}  Ke7 {[%clk 0:08:02]} 70. Qc7+ {[%clk 0:01:41]}  Kxe6 {[%clk 0:08:26]} 71. Qc6+ {[%clk 0:02:04]}  Ke5 {[%clk 0:08:42]} 72. Qd5+ {[%clk 0:02:28]}  Kf4 {[%clk 0:09:09]} 73. Qd4+ {[%clk 0:02:47]}  Kf3 {[%clk 0:09:30]} 74. Qd3+ {[%clk 0:02:45]}  Kf2 {[%clk 0:09:19]} 75. Qd4+ {[%clk 0:02:59]}  Kg2 {[%clk 0:09:12]} 76. Qe4+ {[%clk 0:02:47]}  Kg3 {[%clk 0:09:01]} 77. Qe3+ {[%clk 0:03:09]}  Kg4 {[%clk 0:09:27]} 78. Qe4+ {[%clk 0:03:36]}  Kg3 {[%clk 0:09:53]} 79. Qe3+ {[%clk 0:04:03]}  Kg4 {[%clk 0:10:20]} 80. Qe4+ {[%clk 0:04:29]}  Kg3 {[%clk 0:10:46]} 81. Qe3+ {[%clk 0:04:21]} 1/2-1/2

[Event "45th FIDE Chess Olympiad Open"]
[Site "Budapest, Hungary"]
[Date "2024.09.21"]
[Round "10"]
[White "Mchedlishvili, Mikheil"]
[Black "Sadorra, Julio Catalino"]
[Result "1/2-1/2"]
[Board "73"]
[WhiteFideId "13600966"]
[BlackFideId "5201268"]
[WhiteTitle "GM"]
[BlackTitle "GM"]
[WhiteElo "2574"]
[BlackElo "2542"]
[WhiteTeam "Georgia"]
[BlackTeam "Philippines"]
[WhiteClock "0:19:29"]
[BlackClock "0:34:21"]
[Variant "Standard"]

1. e4 {[%clk 1:30:54]}  d5 {[%clk 1:26:44]} 2. exd5 {[%clk 1:30:59]}  Qxd5 {[%clk 1:27:11]} 3. Nc3 {[%clk 1:30:46]}  Qa5 {[%clk 1:27:24]} 4. d4 {[%clk 1:29:36]}  Nf6 {[%clk 1:27:29]} 5. Nf3 {[%clk 1:29:02]}  Bf5 {[%clk 1:26:19]} 6. Ne5 {[%clk 1:24:57]}  c6 {[%clk 1:25:40]} 7. g4 {[%clk 1:22:33]}  Be6 {[%clk 1:25:15]} 8. Qe2 {[%clk 1:10:53]}  Qb6 {[%clk 1:16:11]} 9. f4 {[%clk 1:07:07]}  g6 {[%clk 1:12:37]} 10. Bg2 {[%clk 1:03:24]}  Nbd7 {[%clk 1:03:58]} 11. h3 {[%clk 0:50:04]}  Qxd4 {[%clk 0:55:08]} 12. Be3 {[%clk 0:47:57]}  Qb4 {[%clk 0:55:26]} 13. Nd3 {[%clk 0:35:00]}  Qa5 {[%clk 0:54:25]} 14. O-O {[%clk 0:28:47]}  Bg7 {[%clk 0:52:43]} 15. b4 {[%clk 0:27:40]}  Qc7 {[%clk 0:49:05]} 16. f5 {[%clk 0:20:12]}  gxf5 {[%clk 0:47:30]} 17. gxf5 {[%clk 0:20:22]}  Bd5 {[%clk 0:40:07]} 18. Bf4 {[%clk 0:20:18]}  Qb6+ {[%clk 0:40:09]} 19. Be3 {[%clk 0:19:09]}  Qc7 {[%clk 0:40:32]} 20. Bf4 {[%clk 0:19:33]}  Qb6+ {[%clk 0:40:40]} 21. Be3 {[%clk 0:19:57]}  Qc7 {[%clk 0:34:21]} 22. Bf4 {[%clk 0:19:29]}  Qb6+ {[%clk 0:34:21]} 1/2-1/2

[Event "45th FIDE Chess Olympiad Open"]
[Site "Budapest, Hungary"]
[Date "2024.09.21"]
[Round "10"]
[White "Quizon, Daniel"]
[Black "Kacharava, Nikolozi"]
[Result "1/2-1/2"]
[Board "74"]
[WhiteFideId "5217911"]
[BlackFideId "13611860"]
[WhiteTitle "IM"]
[BlackTitle "GM"]
[WhiteElo "2490"]
[BlackElo "2511"]
[WhiteTeam "Philippines"]
[BlackTeam "Georgia"]
[WhiteClock "0:05:04"]
[BlackClock "0:06:48"]
[Variant "Standard"]

1. e4 {[%clk 1:30:58]}  e5 {[%clk 1:30:44]} 2. Nf3 {[%clk 1:31:13]}  Nc6 {[%clk 1:31:01]} 3. Bb5 {[%clk 1:31:31]}  a6 {[%clk 1:31:04]} 4. Ba4 {[%clk 1:31:49]}  Nf6 {[%clk 1:31:06]} 5. d3 {[%clk 1:32:09]}  d6 {[%clk 1:30:40]} 6. c3 {[%clk 1:32:15]}  g6 {[%clk 1:30:34]} 7. O-O {[%clk 1:31:09]}  Bg7 {[%clk 1:30:52]} 8. Nbd2 {[%clk 1:31:11]}  O-O {[%clk 1:30:44]} 9. Re1 {[%clk 1:31:26]}  h6 {[%clk 1:30:20]} 10. Nf1 {[%clk 1:31:42]}  Re8 {[%clk 1:29:51]} 11. Ng3 {[%clk 1:30:43]}  d5 {[%clk 1:29:18]} 12. h3 {[%clk 1:14:05]}  b5 {[%clk 1:22:40]} 13. Bc2 {[%clk 1:09:12]}  a5 {[%clk 1:19:57]} 14. d4 {[%clk 1:03:38]}  dxe4 {[%clk 1:09:22]} 15. Nxe4 {[%clk 1:01:41]}  exd4 {[%clk 1:01:13]} 16. Nxf6+ {[%clk 0:52:49]}  Bxf6 {[%clk 1:01:36]} 17. Rxe8+ {[%clk 0:52:52]}  Qxe8 {[%clk 1:02:04]} 18. cxd4 {[%clk 0:53:12]}  Bb7 {[%clk 0:44:57]} 19. Be3 {[%clk 0:22:45]}  Nb4 {[%clk 0:32:06]} 20. a3 {[%clk 0:21:14]}  Nxc2 {[%clk 0:26:52]} 21. Qxc2 {[%clk 0:21:41]}  Bxf3 {[%clk 0:21:27]} 22. gxf3 {[%clk 0:22:09]}  Qd7 {[%clk 0:21:31]} 23. Rc1 {[%clk 0:19:39]}  Rd8 {[%clk 0:17:46]} 24. Qxc7 {[%clk 0:16:07]}  Qxh3 {[%clk 0:13:12]} 25. Qf4 {[%clk 0:15:34]}  Qe6 {[%clk 0:07:13]} 26. Rc5 {[%clk 0:14:13]}  Bg5 {[%clk 0:06:43]} 27. Qe5 {[%clk 0:08:05]}  Bxe3 {[%clk 0:05:51]} 28. fxe3 {[%clk 0:06:39]}  Qb3 {[%clk 0:06:02]} 29. Rxb5 {[%clk 0:06:17]}  Qd1+ {[%clk 0:06:27]} 30. Kf2 {[%clk 0:06:00]}  Qd2+ {[%clk 0:05:51]} 31. Kg3 {[%clk 0:05:55]}  Qe1+ {[%clk 0:06:04]} 32. Kg2 {[%clk 0:05:51]}  Qe2+ {[%clk 0:05:59]} 33. Kg3 {[%clk 0:06:12]}  Qe1+ {[%clk 0:06:15]} 34. Kg2 {[%clk 0:05:33]}  Qe2+ {[%clk 0:06:24]} 35. Kg3 {[%clk 0:05:04]}  Qe1+ {[%clk 0:06:48]} 1/2-1/2

[Event "45th FIDE Chess Olympiad Open"]
[Site "Budapest, Hungary"]
[Date "2024.09.21"]
[Round "10"]
[White "Paichadze, Luka"]
[Black "Bersamina, Paulo"]
[Result "1-0"]
[Board "75"]
[WhiteFideId "13602934"]
[BlackFideId "5206995"]
[WhiteTitle "GM"]
[BlackTitle "IM"]
[WhiteElo "2516"]
[BlackElo "2425"]
[WhiteTeam "Georgia"]
[BlackTeam "Philippines"]
[WhiteClock "0:28:01"]
[BlackClock "0:29:59"]
[Variant "Standard"]

1. e4 {[%clk 1:30:56]}  c5 {[%clk 1:30:56]} 2. c3 {[%clk 1:30:48]}  d5 {[%clk 1:30:55]} 3. exd5 {[%clk 1:31:03]}  Qxd5 {[%clk 1:31:20]} 4. d4 {[%clk 1:31:19]}  g6 {[%clk 1:31:24]} 5. Nf3 {[%clk 1:30:51]}  Bg7 {[%clk 1:31:48]} 6. Nbd2 {[%clk 1:31:11]}  cxd4 {[%clk 1:21:31]} 7. Bc4 {[%clk 1:31:30]}  Qd8 {[%clk 1:17:41]} 8. Nxd4 {[%clk 1:31:44]}  Nf6 {[%clk 1:17:34]} 9. O-O {[%clk 1:31:24]}  O-O {[%clk 1:16:10]} 10. N2f3 {[%clk 1:31:18]}  Qc7 {[%clk 1:13:17]} 11. Qe2 {[%clk 1:30:23]}  Bg4 {[%clk 1:12:46]} 12. h3 {[%clk 1:28:16]}  Bxf3 {[%clk 1:13:08]} 13. Nxf3 {[%clk 1:28:42]}  Nc6 {[%clk 1:13:17]} 14. Re1 {[%clk 1:25:02]}  e5 {[%clk 0:53:54]} 15. Bg5 {[%clk 1:16:14]}  Ne8 {[%clk 0:41:04]} 16. Qd2 {[%clk 0:56:27]}  Nd6 {[%clk 0:38:03]} 17. Bd5 {[%clk 0:56:15]}  Nf5 {[%clk 0:36:53]} 18. Rad1 {[%clk 0:51:32]}  Nfe7 {[%clk 0:28:34]} 19. c4 {[%clk 0:44:34]}  Nf5 {[%clk 0:23:39]} 20. b3 {[%clk 0:35:57]}  Rae8 {[%clk 0:22:34]} 21. Be4 {[%clk 0:30:13]}  Nfd4 {[%clk 0:21:55]} 22. Nxd4 {[%clk 0:29:58]}  Nxd4 {[%clk 0:21:12]} 23. Bd5 {[%clk 0:29:15]}  Ne6 {[%clk 0:19:34]} 24. Be3 {[%clk 0:27:47]}  b6 {[%clk 0:18:06]} 25. Bxe6 {[%clk 0:22:05]}  Rxe6 {[%clk 0:18:28]} 26. Qd7 {[%clk 0:21:54]}  Re7 {[%clk 0:17:57]} 27. Qd5 {[%clk 0:21:17]}  e4 {[%clk 0:12:02]} 28. Bg5 {[%clk 0:15:36]}  Re5 {[%clk 0:11:11]} 29. Qd2 {[%clk 0:15:53]}  Re6 {[%clk 0:10:48]} 30. Bf4 {[%clk 0:14:09]}  Qc8 {[%clk 0:09:24]} 31. Qd7 {[%clk 0:13:42]}  a6 {[%clk 0:09:38]} 32. Rd6 {[%clk 0:09:58]}  Qxd7 {[%clk 0:08:51]} 33. Rxd7 {[%clk 0:10:27]}  h5 {[%clk 0:07:24]} 34. Red1 {[%clk 0:10:07]}  Be5 {[%clk 0:06:18]} 35. Be3 {[%clk 0:09:14]}  b5 {[%clk 0:04:39]} 36. c5 {[%clk 0:07:44]}  f5 {[%clk 0:04:27]} 37. g3 {[%clk 0:07:22]}  Rf7 {[%clk 0:02:24]} 38. Rd8+ {[%clk 0:06:22]}  Kh7 {[%clk 0:02:06]} 39. R1d5 {[%clk 0:05:27]}  h4 {[%clk 0:00:39]} 40. Rxe5 {[%clk 0:02:54]}  Rxe5 {[%clk 0:01:03]} 41. Bd4 {[%clk 0:03:17]}  Rfe7 {[%clk 0:29:33]} 42. c6 {[%clk 0:28:41]}  e3 {[%clk 0:29:59]} 43. fxe3 {[%clk 0:28:01]} 1-0

[Event "45th FIDE Chess Olympiad Open"]
[Site "Budapest, Hungary"]
[Date "2024.09.21"]
[Round "10"]
[White "Garcia, Jan Emmanuel"]
[Black "Pantsulaia, Levan"]
[Result "1/2-1/2"]
[Board "76"]
[WhiteFideId "5200750"]
[BlackFideId "13602071"]
[WhiteTitle "IM"]
[BlackTitle "GM"]
[WhiteElo "2380"]
[BlackElo "2516"]
[WhiteTeam "Philippines"]
[BlackTeam "Georgia"]
[WhiteClock "0:07:01"]
[BlackClock "0:12:22"]
[Variant "Standard"]

1. g3 {[%clk 1:30:50]}  g6 {[%clk 1:30:34]} 2. c4 {[%clk 1:30:10]}  c5 {[%clk 1:30:27]} 3. Bg2 {[%clk 1:30:34]}  Bg7 {[%clk 1:30:50]} 4. Nc3 {[%clk 1:30:59]}  Nc6 {[%clk 1:30:08]} 5. e3 {[%clk 1:31:13]}  d6 {[%clk 1:27:37]} 6. Nge2 {[%clk 1:31:31]}  h5 {[%clk 1:28:01]} 7. h3 {[%clk 1:31:41]}  Bd7 {[%clk 1:27:31]} 8. d3 {[%clk 1:30:16]}  a6 {[%clk 1:26:21]} 9. a3 {[%clk 1:28:34]}  Rb8 {[%clk 1:25:08]} 10. Rb1 {[%clk 1:28:46]}  b5 {[%clk 1:25:04]} 11. cxb5 {[%clk 1:29:04]}  axb5 {[%clk 1:25:29]} 12. b4 {[%clk 1:29:18]}  cxb4 {[%clk 1:22:30]} 13. axb4 {[%clk 1:28:28]}  Nf6 {[%clk 1:22:52]} 14. e4 {[%clk 1:23:05]}  Qc8 {[%clk 1:13:27]} 15. Be3 {[%clk 1:16:56]}  O-O {[%clk 1:13:46]} 16. Qd2 {[%clk 1:16:47]}  e5 {[%clk 1:12:25]} 17. f3 {[%clk 1:09:42]}  Be6 {[%clk 0:48:48]} 18. g4 {[%clk 1:07:32]}  d5 {[%clk 0:45:02]} 19. exd5 {[%clk 0:59:18]}  Nxd5 {[%clk 0:45:24]} 20. Nxd5 {[%clk 0:58:23]}  Bxd5 {[%clk 0:45:53]} 21. gxh5 {[%clk 0:58:34]}  Nd4 {[%clk 0:36:37]} 22. O-O {[%clk 0:50:49]}  Nxe2+ {[%clk 0:29:53]} 23. Qxe2 {[%clk 0:49:46]}  gxh5 {[%clk 0:30:22]} 24. f4 {[%clk 0:44:22]}  Bxg2 {[%clk 0:27:18]} 25. Qxg2 {[%clk 0:41:21]}  Qf5 {[%clk 0:26:44]} 26. fxe5 {[%clk 0:35:25]}  Qxd3 {[%clk 0:22:27]} 27. Rb3 {[%clk 0:19:03]}  Qg6 {[%clk 0:21:19]} 28. Bc5 {[%clk 0:19:04]}  Qxg2+ {[%clk 0:20:26]} 29. Kxg2 {[%clk 0:19:31]}  Rfe8 {[%clk 0:16:08]} 30. Rg3 {[%clk 0:18:22]}  Re6 {[%clk 0:13:35]} 31. Rf5 {[%clk 0:15:56]}  h4 {[%clk 0:13:39]} 32. Rg4 {[%clk 0:16:19]}  Rg6 {[%clk 0:14:05]} 33. Rxg6 {[%clk 0:11:24]}  fxg6 {[%clk 0:14:33]} 34. Rg5 {[%clk 0:11:46]}  Kf7 {[%clk 0:12:42]} 35. e6+ {[%clk 0:11:52]}  Kxe6 {[%clk 0:13:00]} 36. Rxg6+ {[%clk 0:12:20]}  Kf7 {[%clk 0:13:12]} 37. Rg4 {[%clk 0:11:11]}  Bf6 {[%clk 0:12:51]} 38. Bf2 {[%clk 0:11:00]}  Rg8 {[%clk 0:12:22]} 39. Rxg8 {[%clk 0:07:01]} 1/2-1/2

[Event "45th FIDE Chess Olympiad Open"]
[Site "Budapest, Hungary"]
[Date "2024.09.21"]
[Round "10"]
[White "Zhakshylykov, Erzhan"]
[Black "Navara, David"]
[Result "1/2-1/2"]
[Board "77"]
[WhiteFideId "13804111"]
[BlackFideId "309095"]
[WhiteTitle "IM"]
[BlackTitle "GM"]
[WhiteElo "2327"]
[BlackElo "2681"]
[WhiteTeam "Kyrgyzstan"]
[BlackTeam "Czech Republic"]
[WhiteClock "0:24:27"]
[BlackClock "0:46:43"]
[Variant "Standard"]

1. e4 {[%clk 1:30:51]}  c5 {[%clk 1:30:39]} 2. c3 {[%clk 1:31:11]}  Nf6 {[%clk 1:27:45]} 3. e5 {[%clk 1:31:34]}  Nd5 {[%clk 1:28:11]} 4. Nf3 {[%clk 1:30:42]}  d6 {[%clk 1:23:57]} 5. d4 {[%clk 1:29:09]}  cxd4 {[%clk 1:22:50]} 6. cxd4 {[%clk 1:27:59]}  Nc6 {[%clk 1:21:35]} 7. Bc4 {[%clk 1:27:59]}  e6 {[%clk 1:21:19]} 8. O-O {[%clk 1:28:00]}  Be7 {[%clk 1:21:36]} 9. Qe2 {[%clk 1:26:15]}  O-O {[%clk 1:21:53]} 10. Nc3 {[%clk 1:26:12]}  dxe5 {[%clk 1:19:28]} 11. dxe5 {[%clk 1:26:32]}  Nxc3 {[%clk 1:19:49]} 12. bxc3 {[%clk 1:26:57]}  Qa5 {[%clk 1:15:17]} 13. Qe4 {[%clk 1:18:44]}  Rd8 {[%clk 1:08:06]} 14. Bg5 {[%clk 1:10:23]}  Qxc3 {[%clk 1:04:17]} 15. Rad1 {[%clk 1:07:46]}  Bd7 {[%clk 1:00:56]} 16. Bd3 {[%clk 0:56:37]}  Bxg5 {[%clk 0:56:23]} 17. Qxh7+ {[%clk 0:54:56]}  Kf8 {[%clk 0:56:41]} 18. Nxg5 {[%clk 0:55:07]}  Qxe5 {[%clk 0:54:14]} 19. Qh5 {[%clk 0:36:41]}  Be8 {[%clk 0:52:06]} 20. Rfe1 {[%clk 0:33:36]}  Qc3 {[%clk 0:49:53]} 21. Qf3 {[%clk 0:31:09]}  Nd4 {[%clk 0:46:18]} 22. Nh7+ {[%clk 0:24:36]}  Kg8 {[%clk 0:46:04]} 23. Nf6+ {[%clk 0:25:00]}  Kf8 {[%clk 0:46:19]} 24. Nh7+ {[%clk 0:25:05]}  Kg8 {[%clk 0:46:22]} 25. Nf6+ {[%clk 0:24:12]}  Kf8 {[%clk 0:46:43]} 26. Nh7+ {[%clk 0:24:27]} 1/2-1/2

[Event "45th FIDE Chess Olympiad Open"]
[Site "Budapest, Hungary"]
[Date "2024.09.21"]
[Round "10"]
[White "Nguyen, Thai Dai Van"]
[Black "Orozbaev, Eldiyar"]
[Result "1-0"]
[Board "78"]
[WhiteFideId "358878"]
[BlackFideId "13802240"]
[WhiteTitle "GM"]
[BlackTitle "FM"]
[WhiteElo "2647"]
[BlackElo "2376"]
[WhiteTeam "Czech Republic"]
[BlackTeam "Kyrgyzstan"]
[WhiteClock "0:26:19"]
[BlackClock "0:19:35"]
[Variant "Standard"]

1. e4 {[%clk 1:30:56]}  c5 {[%clk 1:30:54]} 2. Nf3 {[%clk 1:31:06]}  d6 {[%clk 1:31:18]} 3. d4 {[%clk 1:31:28]}  cxd4 {[%clk 1:31:45]} 4. Nxd4 {[%clk 1:31:52]}  Nf6 {[%clk 1:32:12]} 5. Nc3 {[%clk 1:32:15]}  Nc6 {[%clk 1:32:38]} 6. Bg5 {[%clk 1:31:38]}  e6 {[%clk 1:33:03]} 7. Qd3 {[%clk 1:31:39]}  a6 {[%clk 1:32:25]} 8. Nxc6 {[%clk 1:31:55]}  bxc6 {[%clk 1:32:48]} 9. O-O-O {[%clk 1:30:46]}  Qa5 {[%clk 1:30:11]} 10. Qg3 {[%clk 1:08:50]}  Nh5 {[%clk 1:18:10]} 11. Qh4 {[%clk 0:59:02]}  h6 {[%clk 1:18:30]} 12. Bd2 {[%clk 0:59:27]}  Be7 {[%clk 1:18:36]} 13. Qg4 {[%clk 0:59:31]}  g6 {[%clk 1:18:10]} 14. Bc4 {[%clk 0:54:00]}  Qc5 {[%clk 1:08:36]} 15. Qe2 {[%clk 0:52:09]}  Bg5 {[%clk 1:04:54]} 16. g3 {[%clk 0:43:15]}  Bxd2+ {[%clk 1:03:57]} 17. Qxd2 {[%clk 0:42:21]}  d5 {[%clk 0:59:50]} 18. Bb3 {[%clk 0:40:56]}  Nf6 {[%clk 0:54:33]} 19. Rhe1 {[%clk 0:40:23]}  O-O {[%clk 0:43:45]} 20. e5 {[%clk 0:34:06]}  Nh7 {[%clk 0:43:22]} 21. Qxh6 {[%clk 0:21:36]}  Qxf2 {[%clk 0:43:45]} 22. Rf1 {[%clk 0:20:45]}  Qa7 {[%clk 0:34:57]} 23. h4 {[%clk 0:19:22]}  Qe7 {[%clk 0:34:38]} 24. Rd4 {[%clk 0:18:08]}  f6 {[%clk 0:31:12]} 25. Qxg6+ {[%clk 0:16:06]}  Qg7 {[%clk 0:27:16]} 26. Qh5 {[%clk 0:12:56]}  fxe5 {[%clk 0:26:25]} 27. Rxf8+ {[%clk 0:12:37]}  Kxf8 {[%clk 0:26:52]} 28. Rg4 {[%clk 0:09:28]}  Nf6 {[%clk 0:27:18]} 29. Rxg7 {[%clk 0:09:54]}  Nxh5 {[%clk 0:27:45]} 30. Rc7 {[%clk 0:08:39]}  Nxg3 {[%clk 0:27:10]} 31. Ba4 {[%clk 0:04:22]}  Rb8 {[%clk 0:23:18]} 32. Bxc6 {[%clk 0:04:44]}  a5 {[%clk 0:23:40]} 33. Na4 {[%clk 0:03:41]}  Ne2+ {[%clk 0:07:07]} 34. Kd2 {[%clk 0:04:06]}  Nd4 {[%clk 0:07:35]} 35. Nc5 {[%clk 0:04:33]}  Kg8 {[%clk 0:07:23]} 36. h5 {[%clk 0:03:58]}  e4 {[%clk 0:07:24]} 37. b3 {[%clk 0:02:52]}  Kh8 {[%clk 0:04:41]} 38. a4 {[%clk 0:01:53]}  Nxc6 {[%clk 0:02:58]} 39. Rxc6 {[%clk 0:02:22]}  e5 {[%clk 0:03:24]} 40. Rd6 {[%clk 0:02:11]}  e3+ {[%clk 0:03:45]} 41. Kxe3 {[%clk 0:02:20]}  Bf5 {[%clk 0:04:11]} 42. c3 {[%clk 0:25:25]}  d4+ {[%clk 0:19:22]} 43. cxd4 {[%clk 0:25:51]}  exd4+ {[%clk 0:19:49]} 44. Kxd4 {[%clk 0:25:55]}  Bc2 {[%clk 0:19:11]} 45. Kc3 {[%clk 0:25:17]}  Rc8 {[%clk 0:18:54]} 46. Kxc2 {[%clk 0:23:31]}  Rxc5+ {[%clk 0:19:16]} 47. Kb2 {[%clk 0:23:56]}  Rxh5 {[%clk 0:19:04]} 48. Rb6 {[%clk 0:24:18]}  Kg7 {[%clk 0:18:07]} 49. Rb5 {[%clk 0:24:40]}  Rh2+ {[%clk 0:18:23]} 50. Ka3 {[%clk 0:25:05]}  Kf7 {[%clk 0:18:33]} 51. Rxa5 {[%clk 0:25:32]}  Ke6 {[%clk 0:18:56]} 52. Rc5 {[%clk 0:25:58]}  Kd6 {[%clk 0:19:21]} 53. Rc3 {[%clk 0:26:19]}  Kd5 {[%clk 0:19:35]} 1-0